Nekfeu - Featuring - Statistiques

Statistiques générales
  • Ce quiz a été pris 756 fois
  • Le résultat moyen est 25 sur 196
Statistiques - réponses
Réponses % Correct
Damso
84%
Alpha Wann
83%
Sneazzy
72%
Doums
71%
Ninho
67%
Vanessa Paradis
66%
Nepal
65%
S Pri Noir
62%
Jaaz
61%
Orelsan
60%
Laylow
59%
Jazzy Bazz
58%
PLK
58%
Framal
57%
Mekra
57%
2Zer
56%
Nemir
54%
Clara Luciani
51%
Lomepal
51%
Ed sheeran
49%
Deen Burbigo
48%
Dinos
45%
Guizmo
41%
Kalash Criminel
39%
Niska
39%
MZ
34%
Crystal Kay
33%
Vald
33%
Dosseh
28%
Lesram
26%
Dadju
25%
DA Uzi
25%
Maitre Gims
25%
Eff Gee
24%
Amber Simone
23%
Caballero
23%
Rim'K
23%
BJ The Chicago Kid
21%
Gradur
21%
Jean Jass
20%
Oxmo Puccino
20%
Seth Gueko
20%
Georgio
19%
Gringe
19%
Murkage Dave
18%
3010
17%
86 Joon
17%
Fonky Flav
17%
Dizzee Rascal
15%
Akhenaton
14%
Aladin 135
14%
Alkpote
14%
Hologram Lo
14%
Phénomène Bizness
14%
Soprano
14%
Kohndo
12%
Sadek
12%
Selah Sue
12%
Alonzo
10%
Infinit'
10%
Lino
10%
Keroué
9%
A2H
8%
Areno Jaz
8%
Kool Shen
8%
Médine
7%
Nakk Mendosa
7%
Disiz La peste
6%
Elisa Jo
6%
Greg Frite
6%
Nessbeal
6%
Swift Guad
6%
Bonnie Banane
5%
Darryl Zeuja
5%
Hugo Délire
5%
Sango
5%
Still Fresh
5%
Tairo
5%
Vidji
5%
Walter
5%
X-Men
5%
Dany Dan
4%
Kema
4%
ODT
4%
Ol Kainry
4%
Sear
4%
When we were young
4%
Demi Portion
3%
Esso Luxueux
3%
Futur Proche
3%
Grems
3%
Keny Arkana
3%
Kenyon
3%
KLM
3%
L'Étrange
3%
Loveni
3%
Lucio Bukowski
3%
Matthieu Chedid
3%
Missak
3%
Nor
3%
Pand'Or
3%
Senamo
3%
Yans
3%
Ysha
3%
1 Trusdar
2%
ADS
2%
Aronstrong
2%
Bakar
2%
Bakster
2%
Bill D
2%
Bloopalooza
2%
Borman
2%
Chacha
2%
Crash Picsous
2%
Dico
2%
DJ Bubs
2%
Djunz
2%
Doc Brown
2%
Doctor Polux
2%
Fils Prodige
2%
Flap Style
2%
Gaiden
2%
Godié
2%
H2S
2%
Happy Face
2%
Heskis
2%
Hiba Tawaji
2%
Hunam
2%
Ikar
2%
Jango Jack
2%
Jeune Zmael
2%
Joe-G
2%
Kaot.F
2%
Krimsa
2%
L'Animal
2%
Le Devin
2%
Lemdi
2%
L'Homme de l'Est
2%
Linkhan
2%
Liqid
2%
Lonely Band
2%
L'ovni du rap
2%
MC Clean
2%
MC Soul
2%
MC Wack
2%
Meassane
2%
Melo Mendes
2%
Melox
2%
Mephis MC
2%
M.Tiss
2%
Nato
2%
Neslet
2%
Nino Ice
2%
Oligarshiiit
2%
Ol'Kameez
2%
Ouhhz
2%
Rabakar
2%
R.E.D.K
2%
Reeko
2%
Santigold
2%
Sat
2%
Seu Jorge
2%
Seven
2%
Tadé MC
2%
Vagarsbon
2%
Yoshi Di Original
2%
Axis
1%
Bernhoft
1%
Blacybkrenoi
1%
Costik
1%
Cyanure
1%
Emcee Trash
1%
Espieem
1%
Ethor Skull
1%
Ibrahim Maalouf
1%
Jimmy Cena
1%
Kidaf
1%
Loki
1%
Mecag
1%
Mi As
1%
Millionnaire
1%
Mr Agaz
1%
Nytt
1%
Ockney
1%
Oris
1%
Poochken
1%
Popo Le Narvalo
1%
Sanjay Khan
1%
Shuko
1%
Smoof
1%
T-Killa
1%
Wilow Amsgood
1%
Youssou N'dour
1%
DF Sounds 46
0%
Masta Ace
0%
Serual
0%
Aucun quiz correspondant
Distribution des résultats
% des personnes avec chaque résultat
Percentile par nombre de réponses
Votre historique - résultats
Vous n’avez pas pris ce quiz